Promotion of small family Norms through innovative methods (Record no. 515678)

000 -LEADER
fixed length control field 00278nam a22000977a 4500
082 ## - DEWEY DECIMAL CLASSIFICATION NUMBER
Classification number TNC O91x54 K166
100 ## - MAIN ENTRY--PERSONAL NAME
Personal name Kaur, Kuldip
9 (RLIN) 21404
245 ## - TITLE STATEMENT
Title Promotion of small family Norms through innovative methods
Statement of responsibility, etc by Kuldip Kaur
260 ## - PUBLICATION, DISTRIBUTION, ETC. (IMPRINT)
Place of publication, distribution, etc Chandigarh
Name of publisher, distributor, etc CRRID
Date of publication, distribution, etc 1997
300 ## - PHYSICAL DESCRIPTION
Extent 198p.
Holdings
Withdrawn status Lost status Source of classification or shelving scheme Damaged status Koha normalized classification for sorting Not for loan Permanent location Current location Date acquired Full call number Barcode Date last seen Price effective from Koha item type
        TNC_O91X54_K166   Indian Institute of Public Administration Indian Institute of Public Administration 2021-02-03 TNC O91x54 K166 GR22379 2021-02-03 2021-02-03 GR

Powered by Koha